Imperial Military geography / (Record no. 187264)
[ view plain ]
| 000 -LEADER | |
|---|---|
| fixed length control field | 01154 a2200169 4500 |
| 003 - CONTROL NUMBER IDENTIFIER | |
| control field | NUST |
| 005 - DATE AND TIME OF LATEST TRANSACTION | |
| control field | 20230131153012.0 |
| 040 ## - CATALOGING SOURCE | |
| Transcribing agency | Nust |
| 082 ## - DEWEY DECIMAL CLASSIFICATION NUMBER | |
| Classification number | 941.1,COL |
| 100 ## - MAIN ENTRY--PERSONAL NAME | |
| Personal name | Cole, D.H |
| 9 (RLIN) | 48854 |
| 245 ## - TITLE STATEMENT | |
| Title | Imperial Military geography / |
| Statement of responsibility, etc. | D. H. Cole |
| 260 ## - PUBLICATION, DISTRIBUTION, ETC. | |
| Place of publication, distribution, etc. | London |
| Name of publisher, distributor, etc. | Sifton Praed & Co |
| Date of publication, distribution, etc. | 1950 |
| 300 ## - PHYSICAL DESCRIPTION | |
| Extent | 316:p. |
| 505 ## - FORMATTED CONTENTS NOTE | |
| Formatted contents note | The Problems Of Commonwealth Defence (Page-1), The Political Organization Of The British Commonwealth (Page-6), The Defence Forces Of The British Commonwealth (Page-21), Great Britain And Western Europe (Page-33), Britain And The Atlantic Ocean (Page-56), Great Britain And The Mediterranean Area (Page-76), Britain And The Middle East (Page-94), Egypt And The Anglo Egyptian Sudan (Page-126), Britain The Indian Ocean And India (Page-149), Problems Of The Pacific Ocean (Page-170), The Air Routes Of The Empire (Page-189), Cables And Wireless (Page-197), British Possessions In East Central And West Africa (Page-205), The Dominion Bases (Page-234), The Population Of The Commonwealth (Page-275), Natural Resources Of The Commonwealth (Page-283). |
| 650 ## - SUBJECT ADDED ENTRY--TOPICAL TERM | |
| Topical term or geographic name entry element | Military geography |
| 9 (RLIN) | 48855 |
| 942 ## - ADDED ENTRY ELEMENTS (KOHA) | |
| Source of classification or shelving scheme | |
| Koha item type | Book |
| Call number prefix | 941.1,COL |
| Withdrawn status | Lost status | Source of classification or shelving scheme | Damaged status | Not for loan | Permanent Location | Current Location | Shelving location | Date acquired | Full call number | Barcode | Date last seen | Price effective from | Koha item type | Public note |
|---|---|---|---|---|---|---|---|---|---|---|---|---|---|---|
| Military College of Signals (MCS) | Military College of Signals (MCS) | General Stacks | 12/12/2016 | 941.1,COL | MCS29133 | 12/08/2016 | 12/12/2016 | Book | Almirah No.60, Shelf No.4 |
